Kriterii i pokazateli effektivnosti proizvodstva predprijatij

Salvato in:
Dettagli Bibliografici
Autore principale: Šadurskaja, Galina Iosifovna
Altri autori: Chripač, Viktor Jakovlevič
Natura: Libro
Lingua:russo
Pubblicazione: Minsk Nauka i technika 1980
Tags: Aggiungi Tag
Nessun Tag, puoi essere il primo ad aggiungerne!!

MARC

LEADER 00000nam a2200000 4500
001 c139831
005 20230116080251.3
041 0 |a rus 
044 |a BY 
245 1 0 |a Kriterii i pokazateli effektivnosti proizvodstva predprijatij  |c Galina Iosifovna Šadurskaja, Viktor Jakovlevič Chripač 
264 1 |a Minsk  |b Nauka i technika  |c 1980 
300 |a 150 s. 
100 1 |a Šadurskaja, Galina Iosifovna 
700 1 |a Chripač, Viktor Jakovlevič